000 00195nam a2200085Ia 4500
008 120527s9999 xx 000 0 und d
100 _aKohl, marvin
245 _abeneficient euthanasia
942 _cBK
999 _c27487
_d27487